گنا ہ کی کھيتی (Record no. 168791)

MARC details
000 -LEADER
fixed length control field 00610nam a22001937a 4500
005 - DATE AND TIME OF LATEST TRANSACTION
control field 20191024170842.0
010 ## - LCCN (DPL NO)
LC control number UR-10559
020 ## - INTERNATIONAL STANDARD BOOK NUMBER
Terms of availability 200.00
International Standard Book Number -
035 ## - SYSTEM CONTROL NUMBER
System control number U-9113
037 ## - SOURCE OF ACQUISITION
Source of stock number/acquisition DBAD/PUB
Stock number -
082 ## - DEWEY DECIMAL CLASSIFICATION NUMBER
Classification number ک
100 ## - MAIN ENTRY--PERSONAL NAME
Personal name ا بو الکلا م ر حما نی
245 ## - TITLE STATEMENT
Title گنا ہ کی کھيتی
Statement of responsibility, etc ا بو الکلا م ر حما نی
246 ## - VARYING FORM OF TITLE
Remainder of title Gunaah ki Kheti (Urdu)
Title proper/short title by Abul Kalam Rahmani
260 ## - PUBLICATION, DISTRIBUTION, ETC. (IMPRINT)
Place of publication, distribution, etc Kolkata
Name of publisher, distributor, etc Birjees Afroz Kalam
Date of publication, distribution, etc 2018ء
270 ## - ADDRESS
Address 2/3B/H/2,Momin Pura Rod,
City Kolkata
Postal code 700023
Telephone number 9088035686
Fax number -
300 ## - PHYSICAL DESCRIPTION
Extent 96 ص
Dimensions 22 Cm(Hb)
942 ## - ADDED ENTRY ELEMENTS (KOHA)
Source of classification or shelving scheme Dewey Decimal Classification
Item type Urdu Bks
Classification part ک
Call number suffix ا ب و
Holdings
Withdrawn status Lost status Not for loan Collection code Home library Current library Date acquired Source of acquisition Cost, normal purchase price Full call number Barcode Copy number Cost, replacement price Koha item type
    Not For Loan Fiction D.B.Act.Division D.B.Act.Division 24/10/2019 DBAD/PUB 200.00 ک ا ب و U-9114 1 200.00 Urdu Bks

© Delhi Public Library
Hit Counter
free hit counter